Vzostup slovenskej atletiky Na margo majstrovstiev ČSSR v ľahkej atletike

Bibliographic Details
Main Author: (bň) (Author)
Format: Article
Language:Slovak
Subjects:

MARC

LEADER 00000nab a2200000 a 4500
001 vtls000194133
003 SK-MaSNL
005 20260302205756.0
008 160201c1984 xo 0 slo
015 |a SNBRB19rr/mm-uuuuu 
035 |a CL0204246 
040 |a SNKBUCL  |b slo  |c SNKBUCL  |e AACR2 
041 0 |a slo 
044 |a xo  |c SK 
080 |a 796.42.093.1-053.67(437)  |2 1981 
100 1 |a (bň)  |4 aut  |9 921098 
245 1 0 |a Vzostup slovenskej atletiky  |b Na margo majstrovstiev ČSSR v ľahkej atletike  |c (bň) 
650 0 7 |a atletika ľahká  |2 snkbucl  |9 899308 
651 7 |a 3100  |2 snkbucl  |9 920766 
655 7 |a články z novín a časopisov  |2 snkbucl  |9 267496 
773 0 |t Šport  |g Roč. 38, č. 169 (19. 7. 1984), s. 5 
850 |a Slovenská národná knižnica v Martine  |a MTA001 
852 |a SNK  |b KIS3GCP 
958 |a RK 
958 |a CZ 
992 |a RBX 
999 |c 1479258  |d 1481188